| 000 | 00531nam a2200169 i 4500 | ||
|---|---|---|---|
| 001 | 84980 | ||
| 003 | ES-MaACL | ||
| 007 | t| | ||
| 008 | 041124s1941 xxu ||||1| eng d | ||
| 100 | 1 |
_aJones, Clarence Fielden. _966830 |
|
| 245 | 1 | 0 |
_aEconomic Geography / _cby Clarence Fielden Jones and Gordon Gerald Darkenwald. |
| 250 | _a1st ed. rev. | ||
| 260 |
_aNew York : _bMacmillan and CÂș, _c[1941] |
||
| 300 |
_aXXV, 612 p. : _bil. ; _c25 cm. |
||
| 700 | 1 |
_aDarkenwald, Gordon Gerald. _942730 |
|
| 852 |
_aES-MaACL _jC-9046 _bR.37060 |
||
| 999 |
_c84980 _d84980 |
||